| 000 | 00686nam a2200253Ia 4500 | ||
|---|---|---|---|
| 005 | 20251020182449.0 | ||
| 008 | 200515s9999 xx 000 0 und d | ||
| 020 | _a978-84-9705-668-7 | ||
| 082 | _a620.17/S21 | ||
| 100 | _aGadea Borrell, José María | ||
| 100 | _aJuliá Sanchis, Ernesto | ||
| 100 | _aSegura Alcaraz, Jorge Gabriel | ||
| 245 | 0 | _aEjercicios básicos de elasticidad y resistencia de materiales | |
| 250 | _a1a ed. | ||
| 260 | _aValencia | ||
| 260 | _bUniversitat Politècnica de Valècnica | ||
| 260 | _c2004 | ||
| 300 | _a154 | ||
| 300 | _btbl., graf. | ||
| 500 | _a1 ejemplar | ||
| 650 | _aRESISTENCIA DE MATERIALES | ||
| 942 | _cLIB | ||
| 999 |
_c793 _d793 |
||